Score 0/12 Timer 03:00
0 Plays Today
Hint Answer % Correct
HAIRChair
94.4%
BACKBlack
92.6%
KNEEKneed
89.1%
CHINPinch
87.4%
SHINChins
86.2%
HEELLeech
84%
CALFFlack
83.1%
SKINMinks
80.8%
LUNGLunge
77.9%
HEADHazed
60.9%
HEARTGather
12.5%
NOSEAeons
6.4%

You're not logged in!

Compare scores with friends on all Sporcle quizzes.
OR
Log In

Sporcle TV

Today on Sporcle TV


Watch our educational content, quiz creation guides, and fun videos on Sporcle TV.

Show Comments

Extras

Top Quizzes Today


Score Distribution

Your Account Isn't Verified!

In order to create a playlist on Sporcle, you need to verify the email address you used during registration. Go to your Sporcle Settings to finish the process.

Report this User

Report this user for behavior that violates our Community Guidelines.

Details: